000 00862cam a2200277 4500
001 J2707
008 090401t1994 xxu||||| |||| 00| 0 eng d
035 _a(Sirsi) u50697
041 _aeng
050 _a692.8
090 _aJCT 1994/16AC
110 _aJoint Contracts Tribunal
_93664
245 _aPractice note IN/1 revised September 1994: introductory notes on the Intermediate Form of Building Contract 1984.
260 _aLondon
_bRIBA Publications
_c1994
300 _a16p. ; 30cm.
350 _a4.25
490 _aJCT Practice Note
_vIN/1
520 _aCover title.
650 _aBUILT ENVIRONMENT-BUILDING CONTRACT FORMS
650 _aIFC 84
650 _aJCT INTERMEDIATE FORM OF BUILDING CONTRACT (1984 EDITION)
650 _aPRACTICE NOTES
690 _aBUILT ENVIRONMENT-BUILDING CONTRACT FORMS
942 _n0
948 _c04/03/1997
999 _c92738
_d92738